[Event "NOR-ch U14"]
[Site "Bergen"]
[Date "2015.11.15"]
[Round "7"]
[White "Zhang, Jackie Yao Yun"]
[Black "Gaure, Sigurd Lauvas"]
[Result "0-1"]
[WhiteElo "1061"]
[BlackElo "1083"]
[PlyCount "104"]
[EventDate "2015.11.13"]
[EventType "swiss"]
[EventRounds "7"]
[EventCountry "NOR"]
[SourceTitle "EXT 2024"]
[Source "ChessBase"]
[SourceDate "2023.10.10"]
[SourceVersion "1"]
[SourceVersionDate "2023.10.10"]
[SourceQuality "1"]

1. e4 c5 2. Nf3 d6 3. d4 cxd4 4. Nxd4 Nf6 5. Nc3 g6 6. Be3 Bg7 7. Be2 0-0 8. 0-0 Nc6 9. h3 d5 10. exd5 Nxd5 11. Nxc6 bxc6 12. Bd4 e5 13. Bc5 Re8 14. Ne4 Nf4 15. Bc4 Qh4 16. Qf3 Be6 17. Bxe6 Rxe6 18. Rad1 f5 19. Nd6 e4 20. g3 Nxh3+ 21. Kh2 Be5 22. Qb3 Ng5+ 23. Kg1 Qh3 24. f4 e3 25. Bxe3 Qxg3+ 26. Kh1 Bxd6 27. Rxd6 Qh3+ 28. Kg1 Qxe3+ 29. Qxe3 Rxe3 30. fxg5 Rg3+ 31. Kf2 Rxg5 32. Rxc6 Rb8 33. b3 Rd8 34. Ke3 Rg3+ 35. Kf4 Rg2 36. Re1 Rf8 37. Re7 g5+ 38. Kf3 Rh2 39. Rxa7 g4+ 40. Kf4 Rf2+ 41. Kg3 Rf3+ 42. Kg2 Rf7 43. Rc8+ Kg7 44. Ra5 Kh6 45. c4 Re7 46. Rd8 Re2+ 47. Kg1 g3 48. Rg8 f4 49. Ra6+ Kh5 50. Ra5+ Kh4 51. Ra6 Re1+ 52. Kg2 Rf2# 0-1